| 000 | 00470nam a2200193Ia 4500 | ||
|---|---|---|---|
| 008 | 210210b2005 xxu||||| |||| 00| 0 eng d | ||
| 041 | _aeng | ||
| 082 | _a363.73 ARUE | ||
| 100 | _aARUMUGAM (N) | ||
| 245 | _aEnvironment and pollution | ||
| 260 |
_aNagercoil _bSaras Publication _c2005 |
||
| 300 | _avi-288 | ||
| 650 | _apollution | ||
| 650 | _aEnvironment | ||
| 650 | _aand | ||
| 690 | _aEnvironmental Pollution | ||
| 700 | _aKUMARESAN (V) | ||
| 906 | _aSG05166 | ||
| 999 |
_c136746 _d136746 |
||